| 000 | 00706nam a22001937a 4500 | ||
|---|---|---|---|
| 005 | 2010081705315.0 | ||
| 010 | _aENG-100593 | ||
| 020 |
_a8178711524 _c175.00 |
||
| 035 | _aEN-84126 | ||
| 037 | _bDBAD/PUB | ||
| 082 | _a954.01 | ||
| 100 |
_aYadav,RamLal Singh _914269 |
||
| 245 |
_aIndus to cauvery : _bDiffusion and distribution of yadavas / _cby RamLal Singh Yadav |
||
| 260 |
_aGurgaon _bHope India Publications _c2009 |
||
| 270 |
_a85, Sector 23, Gurgaon _bGurgaon _e122017 |
||
| 300 |
_a167p _c21cm(pbk) |
||
| 942 |
_2ddc _cEN _h954.01 _mYAD |
||
| 999 |
_c42258 _d42258 |
||